¿ Perdiendo el control? . La Soberanía en la era de la globalización
Na minha lista:
| Autor principal: | |
|---|---|
| Formato: | Texto |
| Publicado em: |
Barcelona:
Editions Bellaterra
|
| Assuntos: | |
| Tags: |
Adicionar Tag
Sem tags, seja o primeiro a adicionar uma tag!
|
MARC
| LEADER | 00000 a a2200000 04500 | ||
|---|---|---|---|
| 001 | 27280 | ||
| 003 | |||
| 040 | |||
| 020 | |a 84-7290-169-6 | ||
| 090 | |a 189503 | ||
| 100 | |a Sassen, Saskia | ||
| 245 | |a ¿ Perdiendo el control? . La Soberanía en la era de la globalización | ||
| 260 | |a Barcelona: |b Editions Bellaterra | ||
| 300 | |a 158 p | ||
| 650 | |a INMIGRACION | ||
| 650 | |a GLOBALIZACION | ||
| 650 | |a SOBERANIA | ||
| 650 | |a POLITICA MIGRATORIA | ||
| 650 | |a ESTADO | ||
| 650 | |a ASPECTOS ECONOMICOS | ||
| 650 | |a GEOPOLITICA | ||
| 650 | |a DERECHOS HUMANOS | ||
| 999 | |c 2025 |d 2025 | ||



